000 00440nam a22001817a 4500
003 MPLRDC
005 20220104144331.0
008 210129b ||||| |||| 00| 0 eng d
020 _a7-80073-552-4
082 _a490.7 ROB
100 _aSTEPHEN P. ROBBINS
245 _a管人的真理
_c王敏译
250 _a初版
260 _a中国
_b中信出版社
_c2002
300 _b211
650 _a商学总论
942 _cBK
_o490.7 ROB
999 _c48595
_d48585